Estudio fitogeográfico del norte de Córdoba /
Guardado en:
| Autor Principal: | |
|---|---|
| Formato: | Libro |
| Idioma: | Undetermined |
| Publicado: |
Córdoba :
Academia Nacional de Ciencias,
[1969]
|
| Etiquetas: |
Agregar Etiqueta
Sin Etiquetas, Sea el primero en etiquetar este registro!
|
| LEADER | 00542nam a22001335a 4500 | ||
|---|---|---|---|
| 001 | EEA.libagro010047 | ||
| 005 | 20140807092829.0 | ||
| 008 | 140717s1969####xx############000#0#und#d | ||
| 100 | 1 | |a Sayago, Marcelino. | |
| 245 | 1 | 0 | |a Estudio fitogeográfico del norte de Córdoba / |c Marcelino Sayago. |
| 260 | |a Córdoba : |b Academia Nacional de Ciencias, |c [1969] | ||
| 300 | |a 1 v. : |b il., mapas ; |c 28 cm. | ||
| 773 | 0 | |t Boletín de la Academia Nacional de Ciencias. |d Córdoba. |g Vol. 46, (1969), p. 123-247. | |
| 859 | |a AR-BbBCA |b BIB. AGRONOMIA |h 581.98254 |i Sa274 |p C1982/0033 | ||
